Regionálna potravina musí mať tvár výrobcu

Dopyt spotrebiteľov po regionálnych potravinách. Spolupráca potravinových reťazcov s regionálnymi výrobcami (Fresh, Fajne). Filozofia regionálnych potravín.

Salvato in:
Dettagli Bibliografici
Autore principale: Kapitánová, Tatiana
Natura: Capitolo di libro
Lingua:slovacco
Soggetti:
Tags: Aggiungi Tag
Nessun Tag, puoi essere il primo ad aggiungerne!!

MARC

LEADER 00000naa a2200000 4500
001 0245607
005 20200305093352.0
041 0 |a slo 
044 |a CZ 
245 1 0 |a Regionálna potravina musí mať tvár výrobcu  |c Tatiana Kapitánová 
520 |a Dopyt spotrebiteľov po regionálnych potravinách. Spolupráca potravinových reťazcov s regionálnymi výrobcami (Fresh, Fajne). Filozofia regionálnych potravín. 
610 2 0 |a potraviny 
610 2 0 |a reťazce obchodné 
610 2 0 |a regióny 
610 2 0 |a podpora predaja 
610 2 0 |a spokojnosť zákazníkov 
100 1 |a Kapitánová, Tatiana